FAO farm systems management series N13 Farm managment for Asia: a systems approach

Sparad:
Bibliografiska uppgifter
Huvudupphovsman: Douglas J McConnell
Materialtyp: Bok
Språk:Undetermined
Publicerad: Rome FAO 1997
Ämnen:
Taggar: Lägg till en tagg
Inga taggar, Lägg till första taggen!
Thư viện lưu trữ: Trung tâm Học liệu Trường Đại học Cần Thơ
LEADER 00679nam a2200217Ia 4500
001 CTU_22613
008 210402s9999 xx 000 0 und d
082 |a 631 
082 |b F233/N13 
100 |a Douglas J McConnell 
245 0 |a FAO farm systems management series N13 
245 0 |b Farm managment for Asia: a systems approach 
245 0 |c Douglas J McConnell, FAO, John L Dillon 
260 |a Rome 
260 |b FAO 
260 |c 1997 
526 |a Nguyên lý cơ bản hệ thống nông nghiệp 
526 |b PD626 
650 |a farm management 
904 |i Nguyễn Quang Điền, 980522 
980 |a Trung tâm Học liệu Trường Đại học Cần Thơ